Determination of the amino acid and solid content in the raw ewe’s milk

Elmentve itt :
Bibliográfiai részletek
Szerzők: Balázsa-Bajusz Ildikó
Csanádi József
Fenyvessy József
Dokumentumtípus: Cikk
Megjelent: University of Szeged Faculty of Engineering 2010
Sorozat:REVIEW OF FACULTY OF ENGINEERING ANALECTA TECHNICA SZEGEDINENSIA 2010 No. 1
mtmt:1817998
Online Access:http://publicatio.bibl.u-szeged.hu/10599
LEADER 00808nab a2200205 i 4500
001 publ10599
005 20190614090304.0
008 170220s2010 hu o 0|| zxx d
022 |a 1788-6392 
024 7 |a 1817998  |2 mtmt 
040 |a SZTE Publicatio Repozitórium  |b hun 
041 |a zxx 
100 2 |a Balázsa-Bajusz Ildikó 
245 1 0 |a Determination of the amino acid and solid content in the raw ewe’s milk  |h [elektronikus dokumentum] /  |c  Balázsa-Bajusz Ildikó 
260 |a University of Szeged Faculty of Engineering  |c 2010 
300 |a 5-9 
490 0 |a REVIEW OF FACULTY OF ENGINEERING ANALECTA TECHNICA SZEGEDINENSIA  |v 2010 No. 1 
700 0 1 |a Csanádi József  |e aut 
700 0 1 |a Fenyvessy József  |e aut 
856 4 0 |u http://publicatio.bibl.u-szeged.hu/10599/1/dteremination_of_amino_u.pdf  |z Dokumentum-elérés